Catálogo - Centro de Recursos para el Aprendizaje y la Investigación

Volver al Sitio - CRAI Biblioteca

La revolución de abril de 1965 : (Registro nro. 114460)

Detalles MARC
000 -CABECERA
campo de control de longitud fija 01098nam a2200289Ia 4500
001 - NÚMERO DE CONTROL
campo de control 114460
003 - IDENTIFICADOR DEL NÚMERO DE CONTROL
campo de control DR-UNIBE
005 - FECHA Y HORA DE LA ÚLTIMA TRANSACCIÓN
campo de control 20260316104525.0
008 - DATOS DE LONGITUD FIJA--INFORMACIÓN GENERAL
campo de control de longitud fija 260316b2011 dr ||||| |||| 00| 0 spa d
020 ## - NÚMERO INTERNACIONAL ESTÁNDAR DEL LIBRO
Número Internacional Estándar del Libro 9789945410648
040 ## - FUENTE DE LA CATALOGACIÓN
Centro catalogador/agencia de origen BIBLIOTECA UNIBE
Centro/agencia transcriptor BIBLIOTECA UNIBE
Lengua de catalogación spa
041 ## - CÓDIGO DE LENGUA
Código de lengua del texto/banda sonora o título independiente spa
082 0# - NÚMERO DE LA CLASIFICACIÓN DECIMAL DEWEY
Número de clasificación RD 972.93054 R788r 2011
100 10 - ENTRADA PRINCIPAL--NOMBRE DE PERSONA
Nombre de persona Rosa, Jesús de la,
Fechas asociadas al nombre 1936-
Término indicativo de función/relación autor
9 (RLIN) 48300
245 13 - MENCIÓN DE TÍTULO
Título La revolución de abril de 1965 :
Resto del título siete días de guerra civil /
Mención de responsabilidad, etc. Jesús de la Rosa
260 ## - PUBLICACIÓN, DISTRIBUCIÓN, ETC.
Lugar de publicación, distribución, etc. Santo Domingo :
Nombre del editor, distribuidor, etc. Letragráfica,
Fecha de publicación, distribución, etc. 2011
300 ## - DESCRIPCIÓN FÍSICA
Extensión 230 páginas :
Otras características físicas ilustraciones (blanco y negro) ;
Dimensiones 24 cm
490 ## - MENCIÓN DE SERIE
Mención de serie Colección premios nacionales
500 4# - NOTA GENERAL
Nota general Premio nacional de historia, José Gabriel García, modalidad testimonio,2005
504 ## - NOTA DE BIBLIOGRAFÍA, ETC.
Nota de bibliografía, etc. Incluye bibliografía
505 4# - NOTA DE CONTENIDO CON FORMATO
Nota de contenido con formato Historia
650 #7 - PUNTO DE ACCESO ADICIONAL DE MATERIA--TÉRMINO DE MATERIA
Término de materia o nombre geográfico como elemento de entrada República Dominicana
Fuente del encabezamiento o término lemb
Subdivisión general Historia
Subdivisión cronológica Revolución, 1965
9 (RLIN) 203291
951 ## - EQUIVALENCIA O REFERENCIA-CRUZADA--NOMBRE GEOGRÁFICO/NOMBRE DE ÁREA [OBSOLETO] [solamente CAN/MARC]
Nombre geográfico 20061022 10:18:00
700 1# - PUNTO DE ACCESO ADICIONAL--NOMBRE DE PERSONA
Nombre de persona García Fernández, Porfirio
Término indicativo de función/relación presentación
9 (RLIN) 130090
700 1# - PUNTO DE ACCESO ADICIONAL--NOMBRE DE PERSONA
Nombre de persona Franco Pichardo, Franklin,
Fechas asociadas al nombre 1936-1013
Término indicativo de función/relación prologuista
9 (RLIN) 203288
942 ## - ELEMENTOS DE PUNTO DE ACCESO ADICIONAL (KOHA)
Tipo de ítem Koha Libro (general)
Fuente del sistema de clasificación o colocación Sistema de Clasificación Decimal Dewey
Existencias
Estado de retiro Estado de pérdida Fuente del sistema de clasificación o colocación No para préstamo Código de colección Localización permanente Fecha de adquisición Total de préstamos Signatura topográfica completa Código de barras Fecha visto por última vez Número de copia Precio válido a partir de Tipo de ítem Koha
  Disponible Sistema de Clasificación Decimal Dewey   General - Libros dominicanos Biblioteca Central UNIBE 16/01/2026   RD 972.93054 R788r 2011 260170 16/03/2026 Ej. 1 16/03/2026 Libro (general)